| 000 | 01322nam a2200337 a 4500 | ||
|---|---|---|---|
| 005 | 20170130093157.0 | ||
| 008 | 151119s2000 ck a gr 00010 spa d | ||
| 020 | _a9789589969557 | ||
| 040 |
_aCO-BoBLA _cCO-BoBLA |
||
| 041 | _aeng | ||
| 043 | _as-ck--- | ||
| 090 |
_aI-CCO _b02 |
||
| 100 | 1 | _aMalaver Calderón, Orlando. | |
| 245 | 1 | 3 |
_aThe blue treasure: _bAn adventure of Marco Corales, Juanita Yubarta / _cOrlando Malaver Calderon. |
| 250 |
_aSegunda ediciÓn _bEditora Clara Lucia Delgado Murillo. |
||
| 260 |
_a[Bogotá] : _bComsión Colombiana del Océano : _bArmada Nacional ; _aDirección general Marítima, _c2000. |
||
| 300 |
_a76 páginas : _bilustraciones ; _c33 X 22 cm. |
||
| 505 | _aA distress call | ||
| 505 | _aA hidden and wonderful world | ||
| 505 | _aMovements in the ocean full of life | ||
| 505 | _aLife on the coast | ||
| 505 | _aParadise in the ocean: treasures found | ||
| 505 | _aBenefits of the ocean | ||
| 505 | _aMi commitment with the ocean | ||
| 650 | 4 | _aCuentos infantiles colombianos. | |
| 650 | 4 |
_aFauna marina _v Cuentos infantiles. |
|
| 650 |
_aOcéano _v Cuentos infantiles. |
||
| 700 | 1 |
_aDelgado Murillo, Clara Lucía, _eeditora. |
|
| 942 |
_2z _cLIBRO |
||
| 949 |
_an _bn |
||
| 999 |
_c19246 _d19246 |
||